| 000 | 00736cam a22002531 4500 | ||
|---|---|---|---|
| 999 |
_c60282 _d60282 |
||
| 001 | 7456786 | ||
| 003 | Nust | ||
| 005 | 20180702070909.0 | ||
| 008 | 720719s1955 miua s000 1 eng | ||
| 010 | _a 55011689 | ||
| 020 |
_a 978-0226568287 _cRs. 316 |
||
| 035 | _a(OCoLC)360159 | ||
| 038 | _aArshad | ||
| 040 |
_aDLC _cOBlC _dOCoLC _dDLC |
||
| 050 | 0 | 0 |
_aPZ3.N166 _bWai _aPR9499.3.N3 |
| 082 |
_a823 _bNAR |
||
| 100 | 1 |
_aNarayan, R. K., _d1906-2001. _911343 |
|
| 245 | 1 | 0 | _aWaiting for the Mahatma. |
| 260 |
_a[Lansing] _bMichigan State University Press, _c1955. |
||
| 300 |
_a256 p. _c22 cm. |
||
| 600 | 1 | 0 |
_aGandhi, _cMahatma, _d1869-1948 _xFiction. _911344 |
| 906 |
_a7 _bcbc _coclcrpl _du _encip _f19 _gy-gencatlg |
||
| 942 |
_2ddc _cBK |
||